Методы управления развитием сетевой продовольственной торговли в РФ: практика и перспективы (авторское исследование) Статья
Uloženo v:
| Hlavní autor: | |
|---|---|
| Médium: | Статья |
| On-line přístup: | https://znanium.com/catalog/document?id=166892 https://znanium.com/cover/0397/397669.jpg |
| Tagy: |
Přidat tag
Žádné tagy, Buďte první, kdo otaguje tento záznam!
|
| LEADER | 01372nam0a2200193 i 4500 | ||
|---|---|---|---|
| 001 | RU\infra-m\znanium\bibl\397669 | ||
| 003 | https://znanium.com/catalog/document?id=166892 | ||
| 005 | 20190327000000.0 | ||
| 100 | |a 20190327d2012 m y0rusy0150 ca | ||
| 101 | 0 | |a rus | |
| 102 | |a RU | ||
| 200 | 1 | |a Методы управления развитием сетевой продовольственной торговли в РФ: практика и перспективы (авторское исследование) |e Статья |f Российский экономический университет им. Г.В. Плеханова | |
| 210 | 1 | |a Москва |c Российский государственный торгово-экономический университет |d 2011 | |
| 333 | |a Аспирантура | ||
| 608 | |a Статья |2 local | ||
| 700 | 1 | |a Чеглов |b В. П. |g Вячеслав Петрович |p Российский экономический университет им. Г.В. Плеханова | |
| 801 | 0 | |a RU |b Общество с ограниченной ответственностью «ЗНАНИУМ» |c 20121109 |2 rusmarc | |
| 856 | 4 | |a znanium.com |m ebs_support@infra-m.ru |n НИЦ ИНФРА-М |u https://znanium.com/catalog/document?id=166892 | |
| 856 | 4 | 1 | |a znanium.com |d /cover/0397 |f 397669.jpg |q image/jpeg |u https://znanium.com/cover/0397/397669.jpg |